[Event "LTU-ch Women 2019"]
[Site "Vilnius"]
[Date "2019.03.16"]
[Round "2.5"]
[White "Plutaite, Ausra"]
[Black "Maciulaityte, Barbora"]
[Result "0-1"]
[WhiteElo "1378"]
[BlackElo "1765"]
[Annotator "NA"]
[PlyCount "116"]
[EventDate "2019.??.??"]
[EventCountry "LTU"]
[SourceTitle "playchess.com"]
[Source "ChessBase"]
[SourceQuality "1"]
[TimeControl "5400+30"]

1. e4 {[%emt 0:00:00]} c5 {[%emt 0:00:00]} 2. Nf3 {[%emt 0:00:30]} d6 {[%emt 0:00:30]} 3. d4 {[%emt 0:00:30]} cxd4 {[%emt 0:00:30]} 4. Nxd4 {[%emt 0:00:30]} Nf6 {[%emt 0:00:30]} 5. Nc3 {[%emt 0:00:30]} g6 {[%emt 0:00:30]} 6. Be3 {[%emt 0:00:30]} Bg7 {[%emt 0:00:30]} 7. f3 {[%emt 0:00:30]} O-O {[%emt 0:00:30]} 8. Qd2 {[%emt 0:00:30]} Nc6 {[%emt 0:00:35]} 9. g4 {[%emt 0:00:30]} Be6 {[%emt 0:00:30]} 10. Nxe6 {[%emt 0:00:30]} fxe6 {[%emt 0:00:30]} 11. O-O-O {[%emt 0:00:54]} Qc8 {[%emt 0:03:07]} 12. h4 {[%emt 0:01:39]} Ne5 {[%emt 0:18:29]} 13. Be2 {[%emt 0:05:14]} Nc4 {[%emt 0:06:03]} 14. Bxc4 {[%emt 0:00:30]} Qxc4 {[%emt 0:00:30]} 15. Bd4 {[%emt 0:06:54]} b5 {[%emt 0:08:03]} 16. Qd3 {[%emt 0:05:58]} Qxd3 {[%emt 0:02:50]} 17. Rxd3 {[%emt 0:00:30]} a6 {[%emt 0:00:30]} 18. h5 {[%emt 0:05:45]} Bh6+ {[%emt 0:04:21]} 19. Kb1 {[%emt 0:02:13]} g5 {[%emt 0:04:41]} 20. f4 {[%emt 0:02:46]} gxf4 {[%emt 0:04:26]} 21. g5 {[%emt 0:00:30]} Bxg5 {[%emt 0:00:30]} 22. Rg1 {[%emt 0:00:30]} h6 {[%emt 0:00:30]} 23. Bxf6 {[%emt 0:02:04]} Rxf6 {[%emt 0:00:30]} 24. e5 {[%emt 0:00:30]} dxe5 {[%emt 0:03:53]} 25. Ne4 {[%emt 0:00:30]} Rf5 {[%emt 0:00:30]} 26. Rd7 {[%emt 0:00:46]} Kf8 {[%emt 0:01:31]} 27. Nc5 {[%emt 0:00:30]} Kf7 {[%emt 0:02:14]} 28. Ne4 {[%emt 0:01:03]} Ke8 {[%emt 0:00:39]} 29. Rc7 {[%emt 0:02:46]} f3 {[%emt 0:05:07]} 30. Rf1 {[%emt 0:00:52]} Rd8 {[%emt 0:06:10]} 31. Nc5 {[%emt 0:02:14]} Rd6 {[%emt 0:02:21]} 32. Rc8+ {[%emt 0:02:53]} Kf7 {[%emt 0:00:30]} 33. Ne4 {[%emt 0:00:30]} Rd4 {[%emt 0:03:01]} 34. Nf2 {[%emt 0:02:40]} Bh4 {[%emt 0:02:58]} 35. c3 {[%emt 0:01:25]} Rc4 {[%emt 0:03:09]} 36. Rxc4 {[%emt 0:00:30]} bxc4 {[%emt 0:00:30]} 37. Ng4 {[%emt 0:00:30]} Kg7 {[%emt 0:01:01]} 38. Ne3 {[%emt 0:03:08]} Rf4 {[%emt 0:00:30]} 39. Kc2 {[%emt 0:00:30]} f2 {[%emt 0:01:16]} 40. Ng2 {[%emt 0:00:30]} Rg4 {[%emt 0:01:16]} 41. Ne3 {[%emt 0:01:21]} Re4 {[%emt 0:00:30]} 42. Ng2 {[%emt 0:01:14]} Bg3 {[%emt 0:00:30]} 43. Kd2 {[%emt 0:00:58]} Kf6 {[%emt 0:02:08]} 44. b4 {[%emt 0:01:12]} cxb3 {[%emt 0:01:02]} 45. axb3 {[%emt 0:00:30]} Kg5 {[%emt 0:01:03]} 46. Kd3 {[%emt 0:01:12]} Re1 {[%emt 0:00:30]} 47. Ne3 {[%emt 0:00:16]} Bf4 {[%emt 0:02:01]} 48. Rxf2 {[%emt 0:00:48]} Rxe3+ {[%emt 0:00:30]} 49. Kc2 {[%emt 0:01:05]} e4 {[%emt 0:00:49]} 50. c4 {[%emt 0:00:30]} Rf3 {[%emt 0:00:30]} 51. Re2 {[%emt 0:00:40]} e3 {[%emt 0:00:30]} 52. Kd3 {[%emt 0:00:30]} Rf2 {[%emt 0:00:30]} 53. c5 {[%emt 0:00:30]} Rxe2 {[%emt 0:00:30]} 54. Kxe2 {[%emt 0:00:30]} Kxh5 {[%emt 0:00:30]} 55. c6 {[%emt 0:00:30]} Kg4 {[%emt 0:00:30]} 56. Kf1 {[%emt 0:00:41]} Kf3 {[%emt 0:00:30]} 57. b4 {[%emt 0:00:30]} e2+ {[%emt 0:00:30]} 58. Ke1 {[%emt 0:00:30]} Bg3+ {[%emt 0:00:30]} 0-1

[Event "LTU-ch Women 2019"]
[Site "Vilnius"]
[Date "2019.03.16"]
[Round "2.6"]
[White "Sibajeva, Marija"]
[Black "Griksaite, Ieva"]
[Result "1-0"]
[WhiteElo "2023"]
[BlackElo "1294"]
[Annotator "NA"]
[PlyCount "115"]
[EventDate "2019.??.??"]
[EventCountry "LTU"]
[SourceTitle "playchess.com"]
[Source "ChessBase"]
[SourceQuality "1"]
[TimeControl "5400+30"]

1. e4 {[%emt 0:00:00]} e5 {[%emt 0:00:00]} 2. Nf3 {[%emt 0:00:00]} Nc6 {[%emt 0:00:00]} 3. Bb5 {[%emt 0:00:04]} f5 {[%emt 0:00:07]} 4. Nc3 {[%emt 0:00:22]} fxe4 {[%emt 0:01:14]} 5. Nxe4 {[%emt 0:00:06]} d5 {[%emt 0:00:07]} 6. Ng3 {[%emt 0:05:01]} Bg4 {[%emt 0:00:58]} 7. h3 {[%emt 0:00:56]} Bxf3 {[%emt 0:00:56]} 8. Qxf3 {[%emt 0:00:09]} Qd6 {[%emt 0:01:27]} 9. O-O {[%emt 0:08:39]} O-O-O {[%emt 0:01:48]} 10. Bxc6 {[%emt 0:16:13]} Qxc6 {[%emt 0:00:31]} 11. Qe3 {[%emt 0:08:35]} Kb8 {[%emt 0:08:16]} 12. c3 {[%emt 0:00:51]} e4 {[%emt 0:03:51]} 13. d4 {[%emt 0:01:11]} Nf6 {[%emt 0:01:10]} 14. Bd2 {[%emt 0:02:53]} Qb6 {[%emt 0:02:04]} 15. b3 {[%emt 0:04:47]} c6 {[%emt 0:02:28]} 16. f3 {[%emt 0:04:39]} Bd6 {[%emt 0:04:24]} 17. fxe4 {[%emt 0:01:03]} dxe4 {[%emt 0:00:34]} 18. Nf5 {[%emt 0:01:04]} Qc7 {[%emt 0:00:49]} 19. Qg5 {[%emt 0:01:40]} h6 {[%emt 0:02:55]} 20. Qxg7 {[%emt 0:01:15]} Qxg7 {[%emt 0:00:40]} 21. Nxg7 {[%emt 0:00:07]} Nd5 {[%emt 0:00:36]} 22. Nf5 {[%emt 0:00:51]} Bc7 {[%emt 0:01:02]} 23. c4 {[%emt 0:01:30]} Nb6 {[%emt 0:00:38]} 24. Bxh6 {[%emt 0:04:18]} Rdg8 {[%emt 0:01:06]} 25. Rae1 {[%emt 0:01:29]} Re8 {[%emt 0:09:46]} 26. Bf4 {[%emt 0:01:52]} Bxf4 {[%emt 0:00:22]} 27. Rxf4 {[%emt 0:00:04]} Rhf8 {[%emt 0:00:21]} 28. g4 {[%emt 0:00:37]} e3 {[%emt 0:00:31]} 29. Rf3 {[%emt 0:00:17]} e2 {[%emt 0:00:11]} 30. Rf2 {[%emt 0:00:43]} Re4 {[%emt 0:00:09]} 31. Rfxe2 {[%emt 0:00:28]} Rxe2 {[%emt 0:00:10]} 32. Rxe2 {[%emt 0:00:03]} Kc7 {[%emt 0:00:07]} 33. Re7+ {[%emt 0:00:21]} Nd7 {[%emt 0:00:24]} 34. Kg2 {[%emt 0:01:05]} b6 {[%emt 0:00:26]} 35. d5 {[%emt 0:01:07]} cxd5 {[%emt 0:00:12]} 36. cxd5 {[%emt 0:00:22]} Rg8 {[%emt 0:00:27]} 37. Kg3 {[%emt 0:01:26]} a6 {[%emt 0:00:14]} 38. Kf4 {[%emt 0:01:02]} a5 {[%emt 0:00:11]} 39. g5 {[%emt 0:00:26]} b5 {[%emt 0:00:23]} 40. Re6 {[%emt 0:00:55]} a4 {[%emt 0:00:12]} 41. bxa4 {[%emt 0:00:27]} bxa4 {[%emt 0:00:15]} 42. Rc6+ {[%emt 0:00:47]} Kb7 {[%emt 0:00:09]} 43. h4 {[%emt 0:01:58]} Nb6 {[%emt 0:00:26]} 44. Ke5 {[%emt 0:01:12]} Re8+ {[%emt 0:00:12]} 45. Re6 {[%emt 0:00:27]} Rh8 {[%emt 0:00:07]} 46. g6 {[%emt 0:01:08]} Nc4+ {[%emt 0:00:14]} 47. Kd4 {[%emt 0:00:38]} Nd2 {[%emt 0:00:19]} 48. g7 {[%emt 0:00:15]} Rg8 {[%emt 0:00:23]} 49. Re7+ {[%emt 0:00:10]} Kc8 {[%emt 0:00:15]} 50. Nd6+ {[%emt 0:00:44]} Kd8 {[%emt 0:00:08]} 51. Re8+ {[%emt 0:00:43]} Rxe8 {[%emt 0:00:11]} 52. Nxe8 {[%emt 0:00:03]} Kxe8 {[%emt 0:00:10]} 53. g8=Q+ {[%emt 0:00:04]} Kd7 {[%emt 0:00:14]} 54. Qf7+ {[%emt 0:00:14]} Kd6 {[%emt 0:00:15]} 55. Qf4+ {[%emt 0:00:07]} Kd7 {[%emt 0:00:16]} 56. Qxd2 {[%emt 0:00:03]} Kc7 {[%emt 0:00:22]} 57. Qc3+ {[%emt 0:00:08]} Kd7 {[%emt 0:00:22]} 58. Qc6+ {[%emt 0:00:07]} 1-0

[Event "LTU-ch Women 2019"]
[Site "Vilnius"]
[Date "2019.03.17"]
[Round "3.1"]
[White "Kaspute, Vesta"]
[Black "Limontaite, Simona"]
[Result "1-0"]
[WhiteElo "2037"]
[BlackElo "2233"]
[Annotator "TA"]
[PlyCount "123"]
[EventDate "2019.??.??"]
[EventCountry "LTU"]
[SourceTitle "playchess.com"]
[Source "ChessBase"]
[SourceQuality "1"]

{[%evp 25,123,-25,-18,-23,8,0,33,22,60,58,68,58,63,65,70,65,75,61,72,83,110,52,95,0,0,0,0,0,69,21,21,16,21,13,12,7,21,21,27,20,97,0,54,54,62,40,172,167,314,311,753,732,607,130,1110,1125,1104,967,923,864,814,395,502,502,493,485,463,480,468,450,569,554,554,508,594,554,647,643,631,634,3831,3831,1631,1078,29963,29964,29961,29963,29963,29960,29969,29970,29968,29969,29968,29968,29965,29962,4930,4930]} 1. e4 e6 2. d4 d5 3. Nc3 Nf6 {[%cal Bg8f6,Bf6d7,Bd7c5,Bc5d3][%mdl 32]} 4. Bg5 Be7 5. e5 Nfd7 6. Bxe7 Qxe7 7. f4 O-O 8. Nf3 c5 9. Qd2 Nc6 10. dxc5 Nxc5 11. O-O-O a6 12. Bd3 b5 13. Qe3 Nxd3+ {LiveBook: 10 Games. C14: French: Classical System: 4 Bg5 Be7 main line} 14. Qxd3 (14. cxd3 Bb7 15. Ne2 d4 16. Nexd4 Nb4 {½-½ (16) Almasi,Z (2633)-Gleizerov,E (2589) Geneve 2004}) 14... Nb4 $146 ({Predecessor:} 14... b4 15. Na4 Qc7 16. Ng5 f5 17. Qe3 a5 18. Rhe1 h6 19. Nf3 Bd7 20. Qb6 Rac8 21. Qxc7 Rxc7 {0-1 (43) Tanti,J (2172)-Johnston,A (2382) ICCF email 2015}) 15. Qe3 Bb7 {The position is equal.} 16. Kb1 Rfc8 17. Nd4 Nc6 18. Nxc6 Bxc6 19. Ne2 b4 20. Nd4 Bd7 21. g4 $1 Rc4 22. f5 Re8 {[#] With the idea ...exf5.} 23. Rhe1 (23. f6 $1 $16 {[%cal Rf6e7]} gxf6 24. Rhf1) 23... Qh4 24. Qg3 (24. f6 $16) 24... Qxg3 $11 25. hxg3 a5 26. Rd3 Kf8 (26... a4 $11) 27. b3 Rc5 28. Kb2 Kg8 29. Rde3 Rec8 30. a3 bxa3+ 31. Kxa3 h6 32. Kb2 Kf8 (32... a4 $11 {keeps the balance.}) 33. R3e2 (33. f6 $16) 33... Rb8 ({Black should play} 33... Ke7 $11) 34. f6 $14 {[%cal Bf5f6,Bf6g7][%mdl 32]} Kg8 35. g5 Kh7 ({Not} 35... hxg5 $2 36. Rh2 Rxc2+ 37. Nxc2 gxf6 38. Reh1 Rxb3+ 39. Kxb3 fxe5 40. Rh5 $18) ({Better is} 35... Rc4 $14 36. Rd2 a4) 36. Rh2 $18 Kg6 (36... Rc4 {was called for.}) 37. fxg7 Kxg5 $2 (37... Kxg7 38. gxh6+ Kh7) 38. Reh1 Rg8 39. Rh5+ $2 (39. Rxh6 $18 {is the precise move to win. Intending R1h4 and mate.} a4 40. Rf6 Rxg7 41. bxa4) 39... Kg4 $2 {[%mdl 8192]} (39... Kg6 $16) 40. Rxh6 Rxg7 41. R1h3 {White wants to mate with R6h4+.} f5 42. exf6 Rf7 43. R6h4+ Kg5 44. Nf3+ Kxf6 {[#]} 45. Rf4+ $1 Ke7 46. Rxf7+ Kxf7 {[%mdl 4096] Endgame KRB-KRN} 47. Ne5+ Kg7 48. Nxd7 {KRN-KR} Rb5 49. Ne5 a4 50. g4 Kf6 51. Nd3 axb3 52. cxb3 Kg5 53. Re3 Rb6 54. Nc5 Kxg4 55. Rxe6 Rb5 56. Nd3 Kf5 57. Re8 d4 58. b4 {[%cal Bb3b4,Bb4b5][%mdl 32]} Rb7 59. Kb3 Rc7 60. Nc5 Rc6 61. Kc4 Rb6 62. b5 {Precision: White = 70%, Black = 21%.} 1-0

[Event "LTU-ch Women 2019"]
[Site "Vilnius"]
[Date "2019.03.17"]
[Round "3.2"]
[White "Malisauskiene, Marina"]
[Black "Ramanauskaite, Giedre"]
[Result "1/2-1/2"]
[WhiteElo "1869"]
[BlackElo "1870"]
[Annotator "NA RC"]
[PlyCount "184"]
[EventDate "2019.??.??"]
[EventCountry "LTU"]
[SourceTitle "playchess.com"]
[Source "ChessBase"]
[SourceQuality "1"]
[TimeControl "5400+30"]

{[%evp 44,184,19,32767,36,32767,32767,0,32767,32767,32767,-44,25,25,49,52,43,54,59,42,32767,45,58,46,32767,0,54,54,64,32767,32767,32767,25,0,32767,11,35,16,64,36,66,60,77,32767,32767,43,85,54,55,42,20,42,45,12,42,49,44,89,267,234,357,355,366,354,356,354,931,678,735,265,279,32767,32767,32767,32767,32767,32767,32767,0,0,27,39,0,0,0,0,0,0,0,0,232,32767,36,0,40,30,54,55,54,55,54,55,54,55,54,54,55,54,77,-510,152,133,32767,32767,32767,32767,32767,32767,32767,32767,32767,32767,32767,171,173,93,133,104,105,0,152,133,184,199,171,56,192,199,156,133,163,166,197]} 1. d4 {[%emt 0:00:00]} Nf6 {[%emt 0:00:00]} 2. c4 {[%emt 0:00:00]} c5 {[%emt 0:00:00]} 3. d5 {[%emt 0:00:00]} e6 {[%emt 0:00:35]} 4. Nc3 {[%emt 0:00:00]} exd5 {[%emt 0:00:10]} 5. cxd5 {[%emt 0:00:00]} d6 {[%emt 0:00:23]} 6. e4 {[%emt 0:00:00]} g6 {[%emt 0:00:10]} 7. h3 {[%emt 0:00:29]} Bg7 {[%emt 0:00:35]} 8. Nf3 {[%emt 0:00:16]} O-O {[%emt 0:00:16]} 9. Bd3 {[%emt 0:00:03]} a6 {[%emt 0:00:42]} 10. a4 {[%emt 0:00:02]} b6 {[%emt 0:01:31]} 11. O-O {[%emt 0:00:15]} Re8 {[%emt 0:00:47]} 12. Re1 {[%emt 0:00:47] A70: Modern Benoni: 6 e4 g6 7 Nf3} Nfd7 {[%emt 0:03:32]} (12... Ra7 13. Bf4 Nh5 14. Bh2 Be5 15. Nxe5 dxe5 16. Qd2 Qf6 17. Qe3 Nd7 18. Rab1 {1-0 (75) Istratescu,A (2636)-Rathnakaran,K (2453) Montreal 2008}) 13. Bg5 $146 {[%emt 0:02:53]} ({Predecessor:} 13. Bf4 Ne5 14. Nxe5 dxe5 15. Be3 Qd6 16. Nb1 f5 17. f3 f4 18. Bf2 Qf6 19. a5 b5 20. Bxc5 {1-0 (43) Bartos,J (2211)-Hladik,L (2084) Ostrava 2002}) 13... f6 {[%emt 0:00:34]} 14. Bh4 {[%emt 0:02:09]} g5 {[%emt 0:03:12]} 15. Bg3 {[%emt 0:00:07]} Ne5 {[%emt 0:00:14]} 16. Bxe5 {[%emt 0:04:02]} fxe5 {[%emt 0:00:17]} 17. Nd2 {[%emt 0:01:49]} Nd7 {[%emt 0:01:48]} 18. g4 {[%emt 0:01:13]} Nf8 {[%emt 0:01:01]} 19. Nc4 {[%emt 0:11:16]} Ng6 {[%emt 0:03:26]} 20. Ra3 {[%emt 0:00:26]} Nf4 {[%emt 0:02:07]} 21. Bf1 {[%emt 0:00:16]} Rb8 {[%emt 0:01:31]} 22. Ne3 {[%emt 0:06:01]} Qc7 {[%emt 0:02:06]} 23. Kh2 {[%emt 0:03:42]} Qb7 {[%emt 0:03:44]} 24. Rb3 {[%emt 0:06:36]} Bf8 {[%emt 0:02:03]} 25. Ng2 {[%emt 0:06:00]} Bd7 {[%emt 0:09:31]} 26. f3 {[%emt 0:07:27]} Ra8 {[%emt 0:08:32]} 27. Qc2 {[%emt 0:10:48]} Nxg2 {[%emt 0:03:05]} ({Black should play} 27... Qc7 $15) 28. Kxg2 {[%emt 0:00:38]} Qc7 {[%emt 0:00:21]} 29. Bc4 {[%emt 0:01:24]} Reb8 {[%emt 0:03:35]} 30. Ra1 {[%emt 0:01:24]} Be7 {[%emt 0:03:15]} 31. Kg3 {[%emt 0:07:43]} h6 {[%emt 0:05:30]} 32. Qd3 {[%emt 0:02:35]} Qc8 {[%emt 0:00:30]} 33. Nd1 {[%emt 0:01:54]} Qe8 {[%emt 0:06:29]} 34. Nc3 {[%emt 0:02:51]} Qc8 $1 {[%emt 0:01:44]} 35. Rba3 {[%emt 0:02:19]} Kg7 {[%emt 0:03:29]} 36. Qb1 {[%emt 0:05:36]} Bd8 {[%emt 0:08:39]} 37. Qf1 {[%emt 0:03:47]} Be7 {[%emt 0:01:34]} 38. b3 {[%emt 0:01:46]} Qf8 {[%emt 0:02:53]} 39. R3a2 {[%emt 0:01:40]} Bc8 {[%emt 0:02:37]} 40. Qd3 {[%emt 0:00:36]} Qd8 {[%emt 0:04:51]} 41. Nd1 {[%emt 0:01:17]} Ra7 {[%emt 0:02:33]} 42. Ne3 {[%emt 0:00:05]} Kf7 {[%emt 0:00:27]} 43. Nc2 {[%emt 0:01:52]} Qd7 {[%emt 0:02:46]} 44. b4 {[%emt 0:00:39]} h5 {[%emt 0:03:55]} 45. Qb3 {[%emt 0:01:29]} h4+ {[%emt 0:00:14]} 46. Kf2 {[%emt 0:00:11]} Qc7 {[%emt 0:01:19]} 47. Kg2 {[%emt 0:00:42]} Raa8 {[%emt 0:00:24]} 48. Ne1 {[%emt 0:01:08]} a5 {[%emt 0:00:40]} 49. bxa5 {[%emt 0:00:43]} Rxa5 {[%emt 0:00:53]} 50. Nd3 {[%emt 0:00:06]} Ba6 $2 {[%emt 0:00:13] [#]} (50... Kg7 $14) 51. Nxe5+ $1 {[%emt 0:00:11]} Ke8 {[%emt 0:00:34]} (51... Kg8 $142 52. Nc6 {[%mdl 64] Trapped Piece} Bxc4 53. Qxc4 Bf6 54. Nxb8 Bxa1) 52. Nc6 {[%emt 0:00:16] Trapped Piece} Bxc4 {[%emt 0:01:00]} 53. Qxc4 {[%emt 0:00:03]} Bf6 {[%emt 0:00:43]} 54. Rb1 {[%emt 0:01:34]} ({Not} 54. Nxa5 bxa5 55. Rf1 Be5 $16) ({But not} 54. Nxb8 Bxa1 55. Nc6 (55. Rxa1 Qxb8 56. Re1 Kd7 $18) 55... Be5 $18) 54... b5 $2 {[%emt 0:01:12]} (54... Rba8 55. Nxa5 bxa5 56. Qb5+ Kd8) 55. Qc2 {[%emt 0:03:46]} b4 {[%emt 0:00:47]} 56. Nxa5 $2 {[%emt 0:00:58]} (56. e5 Bxe5 57. Qg6+ Kf8 58. Qf5+ Qf7 59. Qxf7+ Kxf7 60. Nxa5) 56... Qxa5 {[%emt 0:00:06]} 57. Qc4 {[%emt 0:00:29]} Kf7 {[%emt 0:00:20]} 58. Rb3 {[%emt 0:00:22]} Be5 {[%emt 0:00:18]} 59. Rd3 {[%emt 0:00:30]} Ra8 {[%emt 0:00:40]} 60. Rdd2 {[%emt 0:00:16]} Rb8 {[%emt 0:01:43]} 61. Rd3 {[%emt 0:00:56]} Ra8 {[%emt 0:00:11]} 62. Kf2 {[%emt 0:00:24]} Qb6 {[%emt 0:00:36]} 63. Ke2 {[%emt 0:00:12]} Ra5 {[%emt 0:00:07]} 64. Rb3 {[%emt 0:00:37]} Qd8 {[%emt 0:00:12]} 65. Qc1 {[%emt 0:01:14]} Bf4 {[%emt 0:00:14]} 66. Qc2 {[%emt 0:00:22]} Qb6 $2 {[%emt 0:00:43]} (66... Be5 $11 {and Black stays safe.}) 67. Qc4 {[%emt 0:00:46]} Qd8 {[%emt 0:00:10]} 68. Rb1 {[%emt 0:00:21]} Ke8 {[%emt 0:00:37]} 69. Kd3 {[%emt 0:00:13]} Kd7 {[%emt 0:00:12]} 70. Kc2 {[%emt 0:00:10]} Qf6 {[%emt 0:00:27]} 71. Kb3 {[%emt 0:00:37]} Be5 {[%emt 0:00:31]} 72. Qd3 {[%emt 0:01:14]} Kc7 {[%emt 0:00:06]} 73. Rc1 {[%emt 0:00:11]} Kb6 {[%emt 0:00:18]} 74. Rcc2 {[%emt 0:00:13]} Qf4 {[%emt 0:00:12]} 75. Qe2 {[%emt 0:00:21]} Qg3 {[%emt 0:00:21]} 76. Qg2 $2 {[%emt 0:00:07]} (76. Qf1 $14 {keeps the upper hand.}) 76... Qxg2 $2 {[%emt 0:00:17]} (76... Qe1 $19 77. Qd2 Qf1) 77. Rxg2 {[%emt 0:00:03]} Bf4 {[%emt 0:00:11]} 78. Rac2 {[%emt 0:01:31]} Ra8 {[%emt 0:00:21]} 79. Rg1 {[%emt 0:00:12]} Rf8 {[%emt 0:00:29]} 80. Rf1 {[%emt 0:00:03]} Ka5 {[%emt 0:00:09]} 81. Ra2 {[%emt 0:00:05]} Be5 {[%emt 0:00:15]} 82. Kc4 {[%emt 0:00:25]} Rf4 {[%emt 0:00:16]} 83. Re2 {[%emt 0:01:37]} Rf8 {[%emt 0:01:23]} 84. Ree1 {[%emt 0:00:59]} (84. f4 $18 gxf4 85. Rf3) 84... Rf4 {[%emt 0:00:09]} 85. Rb1 {[%emt 0:00:30]} (85. Rd1 $18) 85... Rf8 {[%emt 0:00:19] [#]} 86. Rf2 {[%emt 0:00:06]} ({Better is} 86. Rbc1 $1 $16) 86... Rf4 $2 {[%emt 0:00:10]} (86... Bd4 $11 87. Rff1) 87. Rbf1 {[%emt 0:00:45]} Bd4 {[%emt 0:00:15]} (87... Rf7 $16 88. Rc2 Rf4) 88. Rd2 {[%emt 0:00:26]} Be5 {[%emt 0:00:09]} 89. Rff2 {[%emt 0:00:45]} ({White should try} 89. Rd3 $16) 89... Bc3 $2 {[%emt 0:00:22]} (89... Bd4 $1 $11 {and Black stays safe.}) 90. Rd3 {[%emt 0:00:23]} Be5 {[%emt 0:00:09]} 91. Rc2 {[%emt 0:01:31]} Rf8 {[%emt 0:00:27]} 92. Re2 {[%emt 0:00:18]} Rf4 $18 {[%emt 0:00:15]} 1/2-1/2

[Event "LTU-ch Women 2019"]
[Site "Vilnius"]
[Date "2019.03.17"]
[Round "3.3"]
[White "Maciulaityte, Barbora"]
[Black "Sibajeva, Marija"]
[Result "0-1"]
[WhiteElo "1765"]
[BlackElo "2023"]
[Annotator "NA RC"]
[PlyCount "78"]
[EventDate "2019.??.??"]
[EventCountry "LTU"]
[SourceTitle "playchess.com"]
[Source "ChessBase"]
[SourceQuality "1"]
[TimeControl "5400+30"]

{[%evp 24,78,31,32767,32767,31,32767,32767,35,40,22,0,38,0,28,32767,35,0,32767,0,0,-16,-23,-17,-27,32767,32767,-51,-28,32767,32767,32767,0,32767,32767,32767,-61,32767,32767,-47,-53,-69,-46,-79,69,47,77,0,0,0,0,-40,-41,-40,-8,-1180,-1182]} 1. e4 {[%emt 0:00:00]} d5 {[%emt 0:00:15]} 2. exd5 {[%emt 0:00:00]} Qxd5 {[%emt 0:00:10]} 3. Nc3 {[%emt 0:00:06]} Qa5 {[%emt 0:00:07]} 4. d4 {[%emt 0:01:32]} Nf6 {[%emt 0:00:11]} 5. Bd3 {[%emt 0:04:07]} Bg4 {[%emt 0:09:25]} 6. f3 {[%emt 0:09:57]} Bh5 {[%emt 0:00:38]} 7. Nge2 {[%emt 0:00:47] B01: Scandinavian Defence} e6 {[%emt 0:02:52]} 8. O-O {[%emt 0:06:04]} Nc6 {[%emt 0:02:36]} (8... c6 9. Nf4 Bg6 10. Ne4 Nbd7 11. c3 Be7 12. Qe2 Nd5 13. Bd2 Qc7 14. g3 O-O 15. Nxg6 hxg6 {0-1 (56) Vonthron,H (2339)-Mueller,K (2489) Germany 2006}) 9. Ne4 {[%emt 0:03:12]} Nxe4 $146 {[%emt 0:02:49]} ({Predecessor:} 9... Be7 10. c3 Qb6 11. Kh1 e5 12. Nxf6+ Bxf6 13. d5 Ne7 14. Be4 Rd8 {1-0 (41) Johne,S (1890)-Elster,W (1765) Bad Woerishofen 2000}) 10. Bxe4 {[%emt 0:01:36]} Qb6 {[%emt 0:02:47]} 11. c3 {[%emt 0:02:35]} Bg6 {[%emt 0:09:03]} 12. Nf4 {[%emt 0:08:26]} O-O-O {[%emt 0:08:03]} 13. Nxg6 {[%emt 0:03:26]} hxg6 {[%emt 0:00:47]} 14. Qb3 {[%emt 0:01:12]} Bd6 {[%emt 0:09:34]} 15. h3 {[%emt 0:02:25]} Rh5 {[%emt 0:03:37]} 16. Qxb6 {[%emt 0:03:28]} axb6 {[%emt 0:04:52]} 17. Kf2 {[%emt 0:09:29]} Ne7 {[%emt 0:04:11]} 18. a3 {[%emt 0:05:16]} Kb8 {[%emt 0:09:42]} 19. Rd1 {[%emt 0:05:33]} c6 {[%emt 0:03:16]} 20. b3 {[%emt 0:06:37]} Nd5 {[%emt 0:04:58]} 21. Bb2 {[%emt 0:00:53]} Nf4 {[%emt 0:01:47]} 22. c4 {[%emt 0:01:00]} Rg5 {[%emt 0:00:47]} 23. Rg1 {[%emt 0:01:56]} Rh8 {[%emt 0:02:09]} 24. Bc1 {[%emt 0:01:59]} c5 {[%emt 0:07:58]} 25. Bxf4 {[%emt 0:01:32]} Bxf4 {[%emt 0:00:02]} 26. dxc5 {[%emt 0:00:41]} bxc5 {[%emt 0:01:09]} 27. Rad1 {[%emt 0:01:09] [#]} Be5 $2 {[%emt 0:00:38]} (27... Bg3+ $1 $17 28. Kf1 Re5) 28. Rh1 {[%emt 0:02:07]} Bd4+ {[%emt 0:00:51]} 29. Kf1 {[%emt 0:00:01]} f5 {[%emt 0:02:27]} 30. Bc2 {[%emt 0:02:27]} Kc7 {[%emt 0:00:45]} 31. Rd2 {[%emt 0:02:52]} b6 {[%emt 0:01:31]} 32. Re2 {[%emt 0:01:00]} e5 {[%emt 0:01:59]} 33. Ke1 {[%emt 0:01:07]} Rd8 {[%emt 0:00:15]} ({Black should play} 33... Rg3 $17) 34. g4 {[%emt 0:01:23]} Rh8 {[%emt 0:01:02] [#]} 35. Rg2 {[%emt 0:00:22]} (35. Reh2 $1 $16 Rh4 36. Kf1) 35... fxg4 {[%emt 0:00:54]} 36. fxg4 {[%emt 0:00:10]} e4 {[%emt 0:01:22]} 37. h4 {[%emt 0:01:29]} Re5 {[%emt 0:00:37]} 38. Re2 {[%emt 0:00:14]} Rf8 {[%emt 0:01:17]} 39. Rf1 $2 {[%emt 0:00:14]} (39. Bxe4 $11 Rfe8 40. Bd3) 39... Bc3+ $19 {[%emt 0:00:08]} 0-1